header

The little data book on private sector development 2007 (Record no. 141552)

MARC details
000 -LEADER
fixed length control field 01612nam a2200397 a 4500
245 04 - TITLE STATEMENT
Title The little data book on private sector development 2007
260 ## - PUBLICATION, DISTRIBUTION, ETC. (IMPRINT)
Place of publication Washington, D.C. :
Name of publisher World Bank,
Year of publication c2007.
300 ## - PHYSICAL DESCRIPTION
Number of Pages 236 p. :
Other physical details ill.
650 #0 - SUBJECT ADDED ENTRY--TOPICAL TERM
Topical Term Economic history
Topical Term Economic development
Topical Term Private companies
Topical Term Finance
Topical Term Infrastructure (Economics)
Topical Term Economic indicators.
856 40 - ELECTRONIC LOCATION AND ACCESS
Uniform Resource Identifier http://site.ebrary.com/lib/rucke/Doc?id=10176237

No items available.

© 2026 Rongo University
Contact us: librarian | system librarian | Rongo university